01008cam a22002531 4500001001300000003000400013005001700017008004100034010001700075035002000092040004700112042001200159050002200171100004200193245021100235260002800446300005500474440003700529504002500566650005200591650005300643650002400696700003400720gs 53000349 DLC20260227111401.0851007s1953 dcuab b 000 0 eng c ags 53000349  a(OCoLC)12639587 aU.S. Geol. Survey. Libr.cTxHRdOCoLCdDLC apremarc00aQE75b.C5 no. 2871 aPree, Henry L.q(Henry Louis),d1917-10aPublic and industrial water supplies of the Jackson Purchase region, Kentucky, by H.L. Pree, Jr. and W.H. Walker.cPrepared in cooperation with the Agricultural and Industrial Development Board of Kentucky. aWashington, D.C.c1953. ai, 56 p.billus., maps (2 fold. in pocket)c27 cm. 0aGeological Survey circular,v287 a"References": p. 56. 0aGroundwaterzKentuckyzJackson Purchase Region. 0aWater-supplyzKentuckyzJackson Purchase Region. 0aWaterxComposition.1 aWalker, William Henry,d1924-